000 00717nam a2200217 a 4500
001 000019859
005 20200929170151.0
008 100708s1977 mx ac r 000 0 spa d
040 _aDO-SdBNP
_bspa
_cBNPHU
082 _axxx
_b285c
100 1 _aScarborough, C. C.
_942378
245 1 0 _aCría del ganado porcino /
_cC. C. Scarborough ; Edición M. D. Mobley ; traducción Edsel Jorge Bixler.
250 _a6a reimp.
260 _aMéxico D. F. :
_bEditorial Limusa,
_c1977.
300 _a317 p. :
_bil. retrs. ;
_c23 cm.
500 _aBibliografía p. [307-308].
500 _aIncluye índice alfabético.
700 1 _aMobley, M. D.,
_eed.
_942379
700 1 _aBixler, Edsel Jorge,
_etr.
_942380
049 _aBNGR
999 _c19372
_d19372